| 000 | 00508nam a2200205Ia 4500 | ||
|---|---|---|---|
| 003 | 0100 | ||
| 008 | 130303s9999 xx 000 0 und d | ||
| 040 | _cARRUPELIB | ||
| 050 | _aDT352.W48 1962 | ||
| 100 | _aWiedner, Donald Lawrence | ||
| 245 | 2 | _aA history of Africa South of the Sahara | |
| 260 | _aNew York | ||
| 260 | _bRandom House | ||
| 260 | _C1962 | ||
| 300 | _a578 p. | ||
| 300 | _b 22 cm. | ||
| 650 | _bAugustine, St -- Sociology | ||
| 650 | _cSociology -- Christianity | ||
| 942 | 0 | 0 | _02 |
| 999 |
_c44143 _d44143 |
||